[Event "HZ Open"]
[Site "Vlissingen NED"]
[Date "2005.08.09"]
[Round "4"]
[White "Trujillo,H"]
[Black "Purnama,T"]
[Result "0-1"]
[WhiteElo "1999"]
[BlackElo "2337"]

1.d4 d5 2.c4 c6 3.Nf3 Nf6 4.g3 e6 5.Bg2 Nbd7 6.O-O Bd6 7.Nc3 O-O 8.b3 e5
9.dxe5 Nxe5 10.cxd5 Nxf3+ 11.Bxf3 Be5 12.Bb2 Nxd5 13.Na4 Qf6 14.Qc1 Bh3 15.Rd1 Rfd8
16.Bxe5 Qxe5 17.Qb2 Qxb2 18.Nxb2 Nb4 19.e3 Be6 20.Na4 Rxd1+ 21.Rxd1 b6 22.Nc3 Rc8
23.Rd2 Kf8 24.Kf1 c5 25.a3 Nc6 26.Bd5 Ke7 27.Ke2 Na5 28.Rb2 Bxd5 29.Nxd5+ Kd6
30.Nc3 Kc6 31.Ne4 Rd8 32.Nd2 b5 33.Rc2 Kb6 34.Rc3 Nc6 35.Rd3 Rxd3 36.Kxd3 Ne5+
37.Ke2 a5 38.f4 Nd7 39.Kd3 Kc6 40.e4 Nb6 41.Nf3 f6 42.g4 a4 43.Kc3 axb3 44.Kxb3 Nc4
45.h4 Ne3 46.g5 f5 47.exf5 Nxf5 48.h5 Kd5 49.h6 gxh6 50.gxh6 Nd4+ 51.Nxd4 cxd4
52.a4 bxa4+ 53.Kxa4 Ke4 54.Kb3 Kxf4 55.Kc2 Ke3 56.Kd1 Kd3  0-1

[Event "HZ Open"]
[Site "Vlissingen NED"]
[Date "2005.08.11"]
[Round "6"]
[White "Rohde,U"]
[Black "Van Rij,G"]
[Result "0-1"]
[WhiteElo "2259"]
[BlackElo "2118"]

1.Nf3 d5 2.d4 Nf6 3.c4 c6 4.Qc2 dxc4 5.Qxc4 Bf5 6.g3 Nbd7 7.Nc3 e6 8.Bg2 Be7
9.O-O Ne4 10.e3 Nxc3 11.bxc3 Be4 12.Rd1 Nb6 13.Qb3 Qd5 14.Ne1 Bxg2 15.Nxg2 h5
16.h4 g5 17.hxg5 Qxg5 18.c4 Qg4 19.c5 Nd7 20.e4 h4 21.Bf4 b5 22.cxb6 axb6
23.f3 Qh3 24.g4 Ra3 25.Rd3 Rxb3 26.axb3 O-O 27.Ra7 e5 28.Bh2 Nc5 29.dxc5 Bxc5+
30.Kh1 Bf2 31.Ra2 Bg3 32.Ne3 Bxh2 33.Rxh2 Qxf3+ 34.Kg1 Ra8 35.Rf2 Ra1+  0-1

[Event "TCh-ESP Premier North"]
[Site "Barcelona ESP"]
[Date "2005.08.12"]
[Round "2"]
[White "Jerez Perez,A"]
[Black "Fernandez Alonso,M"]
[Result "1-0"]
[WhiteElo "2420"]
[BlackElo "2143"]

1.d4 d5 2.c4 c6 3.Nf3 Nf6 4.Qc2 e6 5.g3 Nbd7 6.Bg2 Bd6 7.Nc3 O-O 8.O-O Re8
9.b3 e5 10.dxe5 Nxe5 11.cxd5 cxd5 12.Bb2 Bg4 13.Qd2 Nxf3+ 14.exf3 Be6 15.f4 Qa5
16.Rfd1 Qb4 17.Nxd5 Nxd5 18.Bxd5 Qxd2 19.Rxd2 Bb4 20.Rd4 Bxd5 21.Rxd5 Re2
22.Bd4 Rd2 23.Rc1 b6 24.Rc7 Bc5 25.Rcd7 h5 26.Bxc5 Rxd5 27.Rxd5 bxc5 28.Rxc5 h4
29.Kg2  1-0

[Event "TCh-ESP Premier North"]
[Site "Barcelona ESP"]
[Date "2005.08.12"]
[Round "2"]
[White "Oms Pallise,J"]
[Black "Salgado Lopez,I"]
[Result "1/2-1/2"]
[WhiteElo "2476"]
[BlackElo "2340"]

1.d4 d5 2.c4 c6 3.Nf3 Nf6 4.Qb3 dxc4 5.Qxc4 Bg4 6.Nbd2 Nbd7 7.g3 e6 8.Bg2 Be7
9.O-O O-O 10.Qb3 Qb6 11.Nc4 Qa6 12.Bg5 h6 13.Bxf6 Bxf6 14.e3 Rfd8 15.Nd6 Rab8
16.Ne4 Be7 17.Rfc1 Qa5 18.h3 Bxf3 19.Bxf3 e5 20.Rd1 exd4 21.Rxd4 Qb6 22.Rad1 Qxb3
23.axb3 Ne5 24.Be2 Rxd4 25.Rxd4 Rd8 26.Rxd8+ Bxd8 27.Nd6 b5 28.f4 Nd7 29.Bf3 Nb8
30.Nc8 a6 31.e4 Kf8 32.Kf1 Bc7 33.e5 g5 34.Ke2 gxf4 35.gxf4 Ke8 36.Kd3 Kd8
37.Bg4 h5 38.Bf5 Nd7 39.Na7 Nb8 40.Ke4 a5 41.Nc8 Nd7 42.Na7 Nc5+ 43.Kd4 Nxb3+
44.Kc3 Nd4 45.Kxd4 Bb6+ 46.Kd3 Bxa7 47.b3 Bf2 48.Be4 Kd7 49.Bf5+ Kc7 50.Bh7 Bg3
51.Ke4 Kd7 52.f5 a4 53.bxa4 bxa4 54.e6+ Ke7 55.Kd3 fxe6 56.fxe6 Kxe6 57.Bg8+ Kd6
58.Kc4 Be1 59.Bh7 c5 60.Bg6 a3 61.Kb3 Bb4 62.Bh7 Ke5 63.Bg6 Kf4 64.Bxh5 c4+
65.Ka2 Kg3 66.Bf7 c3 67.Kb1 Kxh3 68.Kc2  1/2-1/2

[Event "Masters"]
[Site "Abu Dhabi UAE"]
[Date "2005.08.14"]
[Round "1"]
[White "Rausis,I"]
[Black "Coleman,J"]
[Result "1-0"]
[WhiteElo "2498"]
[BlackElo "2206"]

1.Nf3 d5 2.d4 Nf6 3.c4 c6 4.Qc2 g6 5.Bf4 Na6 6.e3 Bf5 7.Qb3 Nb4 8.Qxb4 e5
9.Qxb7 Rb8 10.Qxc6+ Bd7 11.Qa6 exf4 12.c5 fxe3 13.fxe3 Rxb2 14.Nc3 Bh6 15.Be2 O-O
16.Nd1 Bc8 17.Qa4 Rb7 18.Ne5 Ne4 19.O-O Bg7 20.Rc1 Bxe5 21.dxe5 Qe7 22.Qd4 Rc7
23.Nc3 Nxc3 24.Rxc3 Re8 25.Bf3 Qxe5 26.Rd1 Bb7 27.Qxe5 Rxe5 28.Kf2 Bc6 29.Rb1 Re8
30.Rb4 Rd8 31.Ke2 f5 32.Kd3 Kg7 33.Rcb3 Kf6 34.Kd4 g5 35.Rb8 Rxb8 36.Rxb8 g4
37.Bd1 Re7 38.Bc2 f4 39.Rf8+ Kg5 40.exf4+ Kh6 41.Rf6+  1-0

[Event "LAT-LIT Match"]
[Site "Liepaja LAT"]
[Date "2005.08.14"]
[Round "1"]
[White "Paulauskiene,V"]
[Black "Praude,R"]
[Result "1/2-1/2"]
[WhiteElo "2090"]
[BlackElo "2072"]

1.d4 d5 2.c4 c6 3.Nf3 dxc4 4.e3 Be6 5.Qc2 Nd7 6.Nbd2 Qa5 7.Bxc4 Bxc4 8.Qxc4 Ngf6
9.O-O e6 10.e4 Be7 11.e5 Nd5 12.Ne4 O-O 13.Bd2 Qd8 14.a3 c5 15.dxc5 Qc7 16.Rfe1 Nxc5
17.Rac1 Na6 18.Qa4 Qd8 19.b4 Qe8 20.Qb3 Rc8 21.Qd3 h6 22.Nd4 Nac7 23.Rc2  1/2-1/2

[Event "ch-AUT w"]
[Site "Gmunden AUT"]
[Date "2005.08.17"]
[Round "7"]
[White "Schwaninger,U"]
[Black "Sommer,S"]
[Result "0-1"]
[WhiteElo "1982"]
[BlackElo "2053"]

1.Nf3 d5 2.d4 c6 3.Nbd2 Nf6 4.c4 e6 5.e3 Nbd7 6.Bd3 a6 7.b3 Be7 8.O-O O-O
9.Qc2 h6 10.Bb2 dxc4 11.Nxc4 c5 12.dxc5 Nxc5 13.Rfd1 Bd7 14.Nce5 Rc8 15.Nxd7 Ncxd7
16.Qd2 Nc5 17.Be2 Nce4 18.Qxd8 Rfxd8 19.Rxd8+ Bxd8 20.Rc1 Rxc1+ 21.Bxc1 Nc3
22.Bd3 Nxa2 23.Bd2 Be7 24.Bb1 Nb4 25.e4 Nc6 26.Bc3 Nd7 27.Kf1 Bb4 28.Bb2 Nc5
29.Bc2 Na5 30.Nd4 Kf8 31.e5 Ke7 32.Ke2 Nd7 33.f4 g6 34.Be4 Bc5 35.Bc3 Bxd4
36.Bxa5 b6 37.Bb4+ Bc5 38.Bc3 a5 39.Bc6 Bg1 40.h3 Nc5 41.b4 axb4 42.Bxb4 f6
43.exf6+ Kxf6 44.Bxc5 Bxc5 45.Kf3 g5 46.g4 gxf4 47.Kxf4 e5+ 48.Ke4 Ke6 49.Bb5 Bf2
50.Kf3 Be1 51.Ke4 Kd6 52.Be2 Bg3 53.Kf3 Bh2 54.Ke4 Ke6 55.Bb5 Kf6 56.Kd5 Kg5
57.Ke4 Kh4 58.Bf1 Bf4 59.Kf3 Bd2 60.Ke4 Bc3 61.Kf3 Bd4 62.Ke4 Kg3 63.Kf5 Bc3
64.Ke4 Bb2 65.Kf5 Kf3 66.Bd3 Ke3 67.Be4 b5 68.h4 Kd4 69.g5 hxg5 70.h5 Ba3
71.h6 Bf8 72.h7 Bg7 73.Bc6 b4 74.Kg6 Bh8 75.Kxg5 e4 76.Kf4 e3 77.Kf3 Kd3
78.Bb5+ Kd2  0-1

[Event "50th Ann Festival GM"]
[Site "Villa Martelli ARG"]
[Date "2005.08.19"]
[Round "3"]
[White "Slipak,S"]
[Black "Leitao,R"]
[Result "1/2-1/2"]
[WhiteElo "2489"]
[BlackElo "2598"]

1.d4 d5 2.c4 c6 3.Nf3 Nf6 4.Qc2 dxc4 5.Qxc4 Bf5 6.g3 e6 7.Bg2 Nbd7 8.Qb3 Qb6
9.Nbd2 Be7 10.O-O O-O 11.Nc4 Qxb3 12.axb3 Be4 13.Bf4 c5 14.Bd6 Bxd6 15.Nxd6 Bd5
16.Rfc1  1/2-1/2

[Event "41st Rubinstein Mem Open A"]
[Site "Polanica Zdroj POL"]
[Date "2005.08.21"]
[Round "3"]
[White "Przezdziecka,M"]
[Black "Majcher,M"]
[Result "0-1"]
[WhiteElo "2148"]
[BlackElo "2107"]

1.d4 d5 2.Nf3 Nf6 3.c4 c6 4.Qc2 e6 5.Bg5 Be7 6.e3 Ne4 7.Bxe7 Qxe7 8.Bd3 Nf6
9.Nc3 Nbd7 10.O-O O-O 11.e4 dxc4 12.Bxc4 e5 13.Rfe1 exd4 14.Nxd4 Ne5 15.Bf1 Qc7
16.Kh1 Neg4 17.g3 Qe5 18.Rad1 Qh5 19.f3 Ne5 20.f4 Neg4 21.Qg2 c5 22.Nf3 Bd7
23.Be2 Ne3 24.Qg1 Nxd1 25.Rxd1 Bg4 26.Qf2 Rad8 27.e5 Rxd1+ 28.Bxd1 Rd8 29.Be2 Ne8
30.Ne4 Qf5 31.Nxc5 b6 32.Nb3 Qb1+ 33.Kg2 Qxb2 34.h3 Qxa2 35.hxg4 Qxb3 36.f5 a5
37.g5 a4 38.g6 hxg6 39.fxg6 fxg6 40.Ng5 Rc8 41.Bd3 Nd6 42.Bxg6 Qd5+ 43.Kh2 Qxe5
44.Qa2+ Kh8 45.Nf3 Qf6 46.Nh4 Nc4 47.Qxa4 Ne5 48.Bf5 Nf3+ 49.Kh3 Rd8 50.Ng6+ Kh7
51.Nh4+ Kh6 52.Qf4+ Ng5+ 53.Kh2 Rd4 54.Qe3 Rb4 55.Bd3 g6 56.Ng2 Qe6 57.Qd2 Qh3+
58.Kg1 Rg4 59.Qb2 Qxg3 60.Qh8+ Nh7 61.Bf1 Qe3+ 62.Kh1 Qf2 63.Qa1 Rg5 64.Qc1 b5  0-1

[Event "2nd Dato' Arthur Tan Malaysian Open"]
[Site "Kuala Lumpur MAS"]
[Date "2005.08.23"]
[Round "6"]
[White "Sriram,J"]
[Black "Lim Yee Weng"]
[Result "0-1"]
[WhiteElo "2437"]
[BlackElo "2348"]

1.d4 d5 2.c4 c6 3.Nf3 Nf6 4.Qc2 g6 5.Bf4 Bf5 6.Qb3 Qb6 7.e3 Nbd7 8.Nc3 Bg7
9.h3 O-O 10.c5 Qxb3 11.axb3 Ne4 12.b4 a6 13.Na4 f6 14.Be2 e5 15.Bh2 Rae8
16.O-O Be6 17.Rfd1 Ng5 18.Nxg5 fxg5 19.dxe5 Nxe5 20.Nc3 Bf5 21.Bf1 Rf7 22.Rd2 h6
23.Rad1 Kh7 24.Re1 g4 25.h4 Nd7 26.Ne2 Nf6 27.Nd4 Ne4 28.Rde2 Bf6 29.h5 Bh4
30.hxg6+ Bxg6 31.Bf4 Nxf2 32.Rxf2 Bxf2+ 33.Kxf2 Rxf4+ 34.exf4 g3+ 35.Kxg3 Rxe1
36.Be2 Be4 37.Bg4 Rb1 38.b3 Rb2 39.f5 Kg7 40.Kf4 Rxg2 41.Ne6+ Kf6 42.Nd8 Rf2+
43.Ke3 Rb2 44.Bd1 Kxf5 45.Nxb7  0-1

[Event "41st Rubinstein Mem Open A"]
[Site "Polanica Zdroj POL"]
[Date "2005.08.24"]
[Round "6"]
[White "Litwin,J"]
[Black "Stachanczyk,J"]
[Result "1/2-1/2"]
[WhiteElo "2221"]
[BlackElo "2147"]

1.d4 d5 2.c4 c6 3.Nf3 Nf6 4.Qc2 g6 5.Bf4 dxc4 6.Qxc4 Be6 7.Qc2 Na6 8.e4 Qa5+
9.Qc3 Qb6 10.Nbd2 Bg4 11.Bd3 Bg7 12.Nc4 Qd8 13.Nce5 Bxf3 14.Nxf3 Nc7 15.Be5 O-O
16.O-O Ne6 17.Rad1 Qb6 18.Rfe1 h6 19.Bc4 Nc7 20.Nh4 Kh7 21.Qg3 Nb5 22.Bxf7 Rxf7
23.Qxg6+ Kg8 24.Nf5 Kf8 25.Bxf6 exf6 26.a4 Nc7 27.Nxg7 Rxg7 28.Qxf6+ Kg8
29.Qxh6 Qxb2 30.Rd3 Rf8 31.Rf1 Rxf2 32.Qxg7+ Kxg7 33.Rg3+ Kh6 34.Rh3+ Kg7
35.Rg3+  1/2-1/2

[Event "4th Open"]
[Site "Lahijan IRI"]
[Date "2005.08.29"]
[Round "4"]
[White "Ibrahimov,R"]
[Black "Ardeshi,M"]
[Result "1/2-1/2"]
[WhiteElo "2525"]
[BlackElo "2265"]

1.Nf3 d5 2.d4 Nf6 3.c4 c6 4.Qc2 a6 5.Bf4 Bg4 6.Nbd2 e6 7.e3 Nbd7 8.Bd3 c5
9.O-O Be7 10.Ne5 Bh5 11.Nxd7 Nxd7 12.cxd5 exd5 13.Bf5 Bg6 14.Bxg6 hxg6 15.Qb3 Nb6
16.dxc5 Bxc5 17.Qc3 Be7 18.Bc7 d4 19.Bxd8 dxc3 20.Bxe7 Kxe7 21.bxc3 Na4 22.Rfc1 Rhd8
23.Nf3 Rac8 24.c4 Rc5 25.Rcb1 Rd7 26.Rb4 Nc3 27.Kf1 Rdc7 28.Nd2 Rd7 29.Ke1 Rc6
30.Rb2 Na4 31.Rb3 Nc5 32.Rc3  1/2-1/2

[Event "Premiership International"]
[Site "Coulsdon ENG"]
[Date "2005.09.02"]
[Round "8"]
[White "Cox,JJ"]
[Black "Deutsch,E"]
[Result "1/2-1/2"]
[WhiteElo "2385"]
[BlackElo "2374"]

1.d4 d5 2.c4 c6 3.Nf3 dxc4 4.e3 Be6 5.Nc3 Nf6 6.Ng5 Bg4 7.f3 Bh5 8.Bxc4 e6
9.O-O Nbd7 10.e4 Nb6  1/2-1/2

[Event "ch-NED w"]
[Site "Leeuwarden NED"]
[Date "2005.09.09"]
[Round "5"]
[White "Peng Zhaoqin"]
[Black "Bensdorp,M"]
[Result "1-0"]
[WhiteElo "2405"]
[BlackElo "2225"]

1.d4 d5 2.c4 c6 3.Nf3 dxc4 4.e3 Be6 5.a4 Nf6 6.Na3 g6 7.Nxc4 Bg7 8.b4 O-O
9.Bd3 Bd5 10.Qc2 Nbd7 11.Bb2 Qc7 12.e4 Bxc4 13.Bxc4 Rac8 14.O-O e6 15.Rfe1 a5
16.bxa5 Qxa5 17.Qb3 Qb6 18.Qa2 h6 19.Rab1 Qa7 20.Ba3 Rfe8 21.Bd6 Ra8 22.Qe2 b6
23.Bb3 c5 24.Qb5 cxd4 25.Nxd4 Rac8 26.Nc6 Qb7 27.Rbc1 Kh7 28.a5 Bf8 29.a6 Qa8
30.Bxf8 Rxf8 31.e5 Ng8 32.Nb4 Nc5 33.Bd1 Qa7 34.Bf3 Ne7 35.Red1 Rfd8 36.h3 Rxd1+
37.Rxd1 Qc7 38.Rd6 Rb8 39.g4 Kg7 40.Kg2 Kf8 41.Rd1 Qa7 42.Qe2 Kg7 43.Qd2 Rc8
44.Qf4 Re8 45.h4 Qc7 46.Ra1 Nc8 47.h5 Na7 48.hxg6 fxg6 49.Rh1  1-0

[Event "EYb14"]
[Site "Herceg Novi SCG"]
[Date "2005.09.21"]
[Round "7"]
[White "Balog,I1"]
[Black "Petrisor,A"]
[Result "1-0"]
[WhiteElo "2186"]
[BlackElo "2066"]

1.d4 d5 2.c4 c6 3.Nf3 Nf6 4.g3 e6 5.Bg2 dxc4 6.O-O Be7 7.Ne5 O-O 8.Nxc4 h6
9.Nc3 Nbd7 10.e4 b5 11.Ne3 b4 12.Ne2 Bb7 13.e5 Nd5 14.f4 f5 15.exf6 Bxf6
16.Ng4 c5 17.f5 Qb6 18.fxe6 Qxe6 19.Nxf6+ N7xf6 20.dxc5 Rad8 21.Nd4 Qe7 22.c6 Ba6
23.Re1 Qc5 24.Kh1 Bc8 25.Ne6 Bxe6 26.Rxe6 Nc3 27.Qb3 Ncd5 28.Be3 Nxe3 29.Qxe3 Qh5
30.Bf3 Qb5 31.Re5 Qa6 32.c7 Rd3 33.Qe2 Qd6 34.Re6 Qd4 35.Rd1 Rxd1+ 36.Qxd1 Qc4
37.Rxf6  1-0

[Event "FSIMB October"]
[Site "Budapest HUN"]
[Date "2005.10.03"]
[Round "3"]
[White "Dougherty,M"]
[Black "Brustkern,J"]
[Result "1/2-1/2"]
[WhiteElo "2212"]
[BlackElo "2236"]

1.Nf3 d5 2.d4 Nf6 3.c4 c6 4.Qc2 g6 5.Bf4 Bg7 6.e3 O-O 7.Nc3 Nbd7 8.h3 a6
9.cxd5 Nxd5 10.Nxd5 cxd5 11.Bd3  1/2-1/2

[Event "Open A"]
[Site "Hamburg GER"]
[Date "2005.10.03"]
[Round "3"]
[White "Algra,J"]
[Black "Putzbach,G"]
[Result "1-0"]
[WhiteElo "2082"]
[BlackElo "2262"]

1.d4 d5 2.c4 dxc4 3.Nf3 c6 4.a4 e6 5.e3 b5 6.b3 cxb3 7.axb5 Qd5 8.bxc6 Nxc6
9.Bd3 Nf6 10.O-O Bb4 11.Nbd2 Bxd2 12.Nxd2 Na5 13.Bb2 Rb8 14.Bc3 Nc6 15.Bc4 Qf5
16.Bxb3 O-O 17.Bc2 Qd5 18.Qe2 Bb7 19.e4 Qd8 20.Qd3 g6 21.Rfd1 Qe7 22.Qf3 Nd7
23.Qe3 Nb6 24.Qh6 f6 25.Bb3 Rbd8 26.Nf3 a5 27.d5 Nb4 28.Rxa5 Na6 29.d6 Qf7
30.Ng5 Nd5 31.Nxf7 Nxc3 32.Nxd8 Rxd8 33.Bxe6+ Kh8 34.Rda1 Nxe4 35.Rxa6 Bxa6
36.Rxa6 Rb8 37.g3 Ng5 38.d7  1-0

[Event "Open A"]
[Site "Hamburg GER"]
[Date "2005.10.03"]
[Round "3"]
[White "Miroshnichenko,E"]
[Black "Drost,P"]
[Result "1-0"]
[WhiteElo "2634"]
[BlackElo "2190"]

1.Nf3 d5 2.d4 c6 3.c4 Nf6 4.Qc2 e6 5.g3 Nbd7 6.Bg2 Bd6 7.O-O O-O 8.Nc3 dxc4
9.Bg5 Be7 10.Rfd1 Nd5 11.h4 h6 12.Bxe7 Qxe7 13.a4 a5 14.Nd2 N7b6 15.Nce4 e5
16.Nxc4 Nb4 17.Qc1 Nxc4 18.Qxc4 exd4 19.Rxd4 Be6 20.Qc3 Bd5 21.Rad1 f5 22.Qc5 Qe6
23.Nc3 Bxg2 24.Kxg2 Kh8 25.Rd6 Qe8 26.e3 Qh5 27.R1d2 b6 28.Qxb6 f4 29.exf4 Rxf4
30.Qe3 Rff8 31.Re6 Rae8 32.Rdd6 Rxe6 33.Rxe6 Nd5 34.Qe2 Qf5 35.Rxc6 Nb4 36.Rd6 Qf7
37.Rd2 Nc6 38.Nd5 Qb7 39.Qe4 Qa8 40.Re2 Rd8 41.Nf4 Nd4 42.Qxa8 Rxa8 43.Re4 Nc6
44.Rc4 Ne7 45.Rc5  1-0

[Event "Belgrade Premier League"]
[Site "Belgrade SCG"]
[Date "2005.10.04"]
[Round "4"]
[White "Sivacki,M"]
[Black "Mihic,B"]
[Result "0-1"]
[WhiteElo "2177"]
[BlackElo "2324"]

1.d4 Nf6 2.c4 c6 3.Nf3 d5 4.g3 e6 5.Bg2 Nbd7 6.Qc2 Bd6 7.O-O O-O 8.Nc3 Re8
9.e4 dxe4 10.Nxe4 Nxe4 11.Qxe4 e5 12.Re1 Nf6 13.Qh4 e4 14.Ne5 Bb4 15.Re3 Qxd4
16.Bxe4 Nxe4 17.Rxe4 Qd1+ 18.Kg2 Bf5 19.Rd4 Qe2 20.Nf3 Be4 21.Qf4 Rad8 22.Be3 Rxd4
23.Bxd4 Bd2 24.Qg4 g6  0-1

[Event "Vojvodina Quality League"]
[Site "Pancevo SCG"]
[Date "2005.10.04"]
[Round "3"]
[White "Cernicek,D"]
[Black "Stojkovic,N"]
[Result "1-0"]
[WhiteElo "2149"]
[BlackElo "2081"]

1.Nf3 Nf6 2.c4 c6 3.d4 d5 4.Qc2 g6 5.Nbd2 Bg7 6.g3 O-O 7.Bg2 Bf5 8.Qb3 Qc8
9.O-O Nbd7 10.Re1 dxc4 11.Nxc4 Be4 12.Ncd2 Nb6 13.Nxe4 Nxe4 14.a4 Nd7 15.Bf4 Ndf6
16.Be5 Ng4 17.Bxg7 Kxg7 18.Rf1 h6 19.h3 Ngf6 20.e3 Ng5 21.Kh2 Qf5 22.Nh4 Qd7
23.Rac1 Nge4 24.Qc2 Qe6 25.Nf3 Rad8 26.Ne5 Nd6 27.a5 a6 28.f4 Nd5 29.Rfe1 f5
30.Qd3 Nf6 31.Qc2 Nde4 32.b4 Rd5 33.Nd3 Kh8 34.Ne5 Rg8 35.Rg1 Nd6 36.Qd3 Nfe4
37.Qe2 g5 38.Nf3 Rg7  1-0

[Event "Open A"]
[Site "Hamburg GER"]
[Date "2005.10.07"]
[Round "5"]
[White "Berg,K"]
[Black "Bakker,S"]
[Result "1/2-1/2"]
[WhiteElo "2402"]
[BlackElo "2305"]

1.d4 d5 2.c4 c6 3.Nf3 Nf6 4.Qc2 g6 5.Bg5 Bg7 6.e3 Ne4 7.Bh4 Qa5+ 8.Nbd2 Bf5
9.Qc1 Nd7 10.Be2 e5 11.O-O Nxd2 12.Nxd2 O-O 13.Nb3 Qa4 14.Rd1 Be6 15.c5 Rfe8
16.Qc3 b6 17.Bg3 Bf5 18.Bf1 Rab8 19.dxe5 bxc5 20.Nxc5 Nxc5 21.Qxc5 Rxb2 22.Rd4 Qc2
23.Qxc2 Rxc2 24.Ra4 c5 25.Rxa7 d4 26.exd4 cxd4 27.Rd1 d3 28.Bf4 Bxe5 29.Bxe5 Rxe5
30.Ra8+ Kg7 31.Rd8 Rxa2 32.Bxd3 Bxd3 33.R8xd3 Rf5  1/2-1/2

[Event "12th Young Masters"]
[Site "Zug SUI"]
[Date "2005.10.08"]
[Round "1"]
[White "Berkvens,J"]
[Black "Van Delft,M"]
[Result "0-1"]
[WhiteElo "2430"]
[BlackElo "2385"]

1.d4 d5 2.c4 c6 3.Nf3 Nf6 4.Qc2 g6 5.g3 Bg7 6.Bg2 O-O 7.O-O Bf5 8.Qb3 Qb6
9.Nc3 Nbd7 10.h3 h6 11.cxd5 Qxb3 12.axb3 cxd5 13.Nh4 e6 14.Nxf5 gxf5 15.e3 a6
16.Bd2 Rac8 17.f3 h5 18.Kf2 Rc6 19.Rfc1 Rfc8 20.Bf1 Bf8 21.Bd3 Nb6 22.Ke2 Bd6
23.Rg1 Kg7 24.Raf1 Rh8 25.Rf2 Nbd7 26.Nd1 Rb6 27.Bc2 Nb8 28.g4 hxg4 29.hxg4 fxg4
30.e4 Nc6 31.Be3 Bh2 32.Rgg2 g3 33.e5 Nh5 34.f4 Kf8 35.Rf3 Ng7 36.f5 exf5
37.Bxf5 Rxb3 38.Bc2 Rb4 39.Kd3 Ne6 40.Nc3 Nexd4  0-1

[Event "Open A"]
[Site "Hamburg GER"]
[Date "2005.10.09"]
[Round "9"]
[White "Sharevich,A"]
[Black "Bohnstorff,M"]
[Result "1-0"]
[WhiteElo "2305"]
[BlackElo "2187"]

1.d4 d5 2.Nf3 Nf6 3.c4 c6 4.Qc2 g6 5.e3 Bf5 6.Bd3 Bxd3 7.Qxd3 Bg7 8.O-O O-O
9.Nbd2 Nbd7 10.b4 a6 11.Bb2 Qb6 12.a3 dxc4 13.Nxc4 Qb5 14.a4 Qd5 15.Ncd2 Rfd8
16.e4 Qh5 17.Qb3 g5 18.Rad1 Ne8 19.Nc4 Nc7 20.Ne3 e6 21.d5 Bxb2 22.Qxb2 cxd5
23.exd5 g4 24.dxe6 Nxe6 25.Rd5 Qg6 26.Ne5 Nxe5 27.Qxe5 Rxd5 28.Nxd5 Qg7 29.Nf6+ Kh8
30.Nxg4 Qxe5 31.Nxe5 Kg7 32.Rd1 Rc8 33.g3 Rc7 34.f4 Kf6 35.Kf2 Kf5 36.Ke3 Rc3+
37.Rd3 Rxd3+ 38.Kxd3 h5 39.h3 Kf6 40.Ke4 Ke7 41.Kd5 f6 42.f5 Nc7+ 43.Kc5  1-0

[Event "Open A"]
[Site "Hamburg GER"]
[Date "2005.10.09"]
[Round "9"]
[White "Donchenko,A"]
[Black "Hector,J"]
[Result "0-1"]
[WhiteElo "2460"]
[BlackElo "2509"]

1.d4 d5 2.Nf3 Nf6 3.c4 c6 4.Qc2 e6 5.g3 dxc4 6.Qxc4 b5 7.Qb3 a6 8.Bg2 c5
9.dxc5 Bb7 10.O-O Nbd7 11.Rd1 Bd5 12.Qc2 Bxc5 13.Nc3 Rc8 14.Qd3 Bc4 15.Qb1 Qb6
16.e3 Bb4 17.Bd2 O-O 18.b3 Bxc3 19.Bxc3 Bd5 20.Qb2 b4 21.Bd4 Qb7 22.Ne1 Bxg2
23.Nxg2 Rfe8 24.Qe2 e5 25.Bb2 Ne4 26.Rac1 Ng5 27.e4 Rxc1 28.Rxc1 Nxe4 29.Qf3 Rb8
30.Ne3 f6 31.h4 Nd2 32.Qxb7 Rxb7 33.Rc6 Rb6 34.Rc7 Rd6 35.Kg2 Ne4 36.Nc4 Rd1
37.Kf3 Nec5 38.Ke2 Rd5 39.Bc1 Ne4 40.Ne3 Rc5 41.Rxd7 Rxc1 42.Nf5 g6 43.Nh6+ Kf8
44.Rxh7 f5 45.h5 gxh5 46.Rf7+ Ke8 47.Rxf5 Nc3+ 48.Kd2 Rd1+ 49.Kc2 e4 50.Rxh5 Re1
51.Ng4 Re2+ 52.Kc1 Rxa2 53.Rf5 a5 54.Nf6+ Kd8 55.Nd5 Ne2+ 56.Kb1 Ra3 57.Re5 Rxb3+
58.Ka2 Nc1+ 59.Ka1 Ra3+ 60.Kb1 Nb3 61.Kb2 Nd2 62.Re6 Kd7 63.Ra6 Rf3 64.Nf6+ Kc7
65.Kc1 Rxf2 66.Nxe4 Nxe4 67.Rxa5  0-1

[Event "zt 3.3 w"]
[Site "Beijing CHN"]
[Date "2005.10.20"]
[Round "1"]
[White "Huang Qian"]
[Black "Wang Yu"]
[Result "1/2-1/2"]
[WhiteElo "2398"]
[BlackElo "2109"]

1.d4 d5 2.Nf3 c6 3.c4 dxc4 4.a4 Nf6 5.Nc3 Bg4 6.Ne5 Bh5 7.f3 e6 8.e3 c5 9.Bxc4 cxd4
10.exd4 Nfd7 11.Nxd7 Nxd7 12.Bf4 Bb4 13.O-O O-O 14.Ba2 Qb6 15.Kh1 Rac8 16.Rc1 Bg6
17.Bg3 Nf6 18.Bh4 Be7 19.Qb3 Qxb3 20.Bxb3 Rfd8 21.Rfd1 Kf8 22.Bf2 a6 23.Be3 h6
24.Kg1 Bb4 25.Kf2 Ba5 26.Ne2 Bb6 27.Rc3 Ba5 28.Rcc1 Bb6 29.Rc3 Ba5  1/2-1/2

[Event "5th Rohde Open"]
[Site "Sautron FRA"]
[Date "2005.10.22"]
[Round "1"]
[White "Payen,A"]
[Black "Prodhomme,B"]
[Result "1/2-1/2"]
[WhiteElo "2408"]
[BlackElo "2048"]

1.d4 d5 2.c4 c6 3.Nf3 Nf6 4.Qb3 e6 5.Bg5 Nbd7 6.Nc3 Be7 7.e3 O-O 8.Bd3 Re8
9.O-O h6 10.Bh4 b6 11.cxd5 exd5 12.Rfd1 Bb7 13.Rac1 Qb8 14.Bf5 g6 15.Bb1 Bd6
16.Bg3 Bxg3 17.hxg3 Ne4 18.a3 Ndf6 19.Nxe4 Nxe4 20.Ne5 Re6 21.g4 Qd8 22.g3 Qd6
23.Kg2 Kg7 24.f4 Re7 25.Bxe4 dxe4 26.Qc3 Qd5 27.b4 Rc8 28.Qc4 f6 29.Qxd5 cxd5
30.Rxc8 Bxc8 31.Nc6 Rc7 32.Rc1 Bxg4 33.b5 Be2 34.a4 Bc4 35.Nb4 Rd7 36.g4 g5
37.Kg3 Rf7 38.f5 Re7 39.Rc3 Kf7 40.Kf2  1/2-1/2

[Event "Chigorin Mem"]
[Site "St Petersburg RUS"]
[Date "2005.10.23"]
[Round "9"]
[White "Bocharov,D"]
[Black "Solovjov,S"]
[Result "1/2-1/2"]
[WhiteElo "2592"]
[BlackElo "2497"]

1.d4 d5 2.c4 c6 3.Nf3 Nf6 4.Qc2 dxc4 5.Qxc4 b5 6.Qc2 Bb7 7.e4 e6 8.Nc3 a6
9.Bg5 h6 10.Bh4 Nbd7 11.Rd1 Qb6 12.Be2 Bb4 13.O-O Bxc3 14.bxc3 c5 15.Nd2 cxd4
16.cxd4 Rc8 17.Qd3 Qc6 18.f3 O-O 19.Nb3 Qc2 20.Rd2 Qxd3 21.Bxd3 Rc3 22.Rfd1 Ba8
23.Be1 Nh5 24.Rb2 Rcc8 25.Bb4 Rfe8 26.g3 Nb6 27.Nc5 Nc4 28.Bxc4 bxc4 29.Rc2 Red8
30.Rxc4 f5 31.Ba5 Re8 32.d5 exd5 33.exd5 Nf6 34.d6 Bxf3 35.Rd2 Be2 36.Rcc2 Bb5
37.a4 Bc6 38.Rd4 Nd7 39.Nxa6 Ne5 40.Rc3 Ra8 41.Nb4 Bxa4 42.Rd5 Ng4 43.Rc1 Bd7  1/2-1/2

[Event "zt 3.3 w"]
[Site "Beijing CHN"]
[Date "2005.10.24"]
[Round "8"]
[White "Xu Yuanyuan"]
[Black "Wang Yu"]
[Result "1/2-1/2"]
[WhiteElo "2420"]
[BlackElo "2109"]

1.d4 d5 2.c4 c6 3.Nf3 dxc4 4.e3 Be6 5.Nc3 b5 6.Ng5 Qd7 7.a4 b4 8.Nce4 Qd5
9.Nxe6 Qxe6 10.Ng5 Qg6 11.Nf3 Nd7 12.Bxc4 e6 13.O-O Ngf6 14.Bd3 Qh5 15.e4 Be7
16.Qc2 c5 17.Bb5 Rd8 18.Ne5 cxd4 19.Qc7 a6 20.Bc6 O-O 21.Nxd7 Nxd7 22.Bxd7 Qc5
23.Qb7 Qd6 24.Bc6 Bf6 25.Bd2 Rb8 26.Qxa6 d3 27.Bb5 Qd4 28.Be3 Qxb2 29.Rab1 Qc3
30.Rfd1 Rfd8 31.Bd2 Qc2 32.Bxb4 d2 33.Bd6 Rbc8 34.Bd3 Qc3 35.e5 Bg5 36.g3 Qd4
37.Bf1 h5 38.Qd3 Qxa4 39.f4 Rc1 40.Qxd2 Rc2 41.Qd4 Qa2 42.Ra1 Qb3 43.fxg5 h4
44.Rd3 Qb7 45.Qxh4 Rdc8 46.g6 fxg6 47.Qg4 R8c4 48.Qxe6+ Kh7 49.Qd5 Qb6+ 50.Kh1 Qb2
51.Kg1 Qxa1 52.Rf3 Qa7+ 53.Kh1 Rd4 54.Qe6 Qb7 55.Qh3+ Kg8 56.Qe6+ Kh7 57.Qh3+ Kg8  1/2-1/2

[Event "5th Rohde Open"]
[Site "Sautron FRA"]
[Date "2005.10.28"]
[Round "7"]
[White "Broekman,W"]
[Black "Benitah,Y"]
[Result "0-1"]
[WhiteElo "2116"]
[BlackElo "2409"]

1.d4 d5 2.c4 c6 3.Nf3 Nf6 4.Qb3 e6 5.g3 Nbd7 6.Bg2 Bd6 7.O-O O-O 8.Rd1 a6
9.Nc3 b5 10.cxd5 exd5 11.Bg5 Re8 12.Qc2 h6 13.Bxf6 Nxf6 14.e3 Bg4 15.Re1 Qd7
16.Rac1 Rac8 17.a3 a5 18.Nd2 Bf5 19.Qd1 a4 20.e4 dxe4 21.Ndxe4 Nxe4 22.Nxe4 Bb8
23.d5 cxd5 24.Rxc8 Rxc8 25.Nc3 d4 26.Nd5 Re8 27.Rxe8+ Qxe8 28.Qxd4 Qd7 29.Be4 Be6
30.Qd3 f5 31.Bg2 Be5 32.b3 b4 33.bxa4 bxa3 34.Qb3 Kh7 35.h3 Qd6 36.Bf3 Bxg3
37.fxg3 Qxg3+ 38.Kh1 a2  0-1

[Event "5th Rohde Open"]
[Site "Sautron FRA"]
[Date "2005.10.28"]
[Round "7"]
[White "Raetsky,A"]
[Black "Makarov,M"]
[Result "1/2-1/2"]
[WhiteElo "2446"]
[BlackElo "2511"]

1.d4 d5 2.c4 c6 3.Nf3 Nf6 4.Qc2 dxc4 5.Qxc4 Bf5 6.g3 e6 7.Bg2 Nbd7 8.O-O Be7
9.Nc3 O-O 10.a4 a5 11.Re1  1/2-1/2

[Event "TCh-HUN 2005-6"]
[Site "Hungary HUN"]
[Date "2005.10.30"]
[Round "2"]
[White "Balog,I1"]
[Black "Pavel,M"]
[Result "1/2-1/2"]
[WhiteElo "2200"]
[BlackElo "2190"]

1.d4 d5 2.c4 c6 3.Nf3 Nf6 4.g3 e6 5.Bg2 Nbd7 6.O-O Bd6 7.b3 O-O 8.Bb2 b6
9.Ne5 Bb7 10.f4 Qe7 11.e3 Ne4 12.Nd2 f5 13.Ndf3 Rfd8 14.g4 c5 15.cxd5 Bxd5
16.gxf5 Bxe5 17.dxe5 Bb7 18.Qc2 exf5 19.Qc4+ Kh8 20.Ng5 Nxg5 21.Bxb7 Rab8
22.Bg2 Ne6 23.Rad1 Ndf8 24.Qc2 Rxd1 25.Rxd1 Rd8 26.Bf3 Rxd1+ 27.Qxd1 Kg8
28.Bd5 g6 29.Qf3 Qh4 30.Bc3 h5 31.Kg2 Qg4+ 32.Kf2 Qxf3+ 33.Kxf3 Kh7 34.e4 Nc7
35.Bf7 Kh6 36.Bc4 Nfe6 37.Bd5 Ng7 38.b4 Nce6 39.Ke3 Kh7 40.a4 Kg8 41.a5 cxb4
42.axb6 axb6 43.Bxb4 Kf7 44.Bc4 fxe4 45.Kxe4 Nf5 46.Be1 Ke7 47.Bf2 Nc5+ 48.Bxc5+ bxc5
49.Bd3 Ke6 50.Bf1 Ke7 51.Bd3 Ke6 52.Be2 Nh4 53.Ba6 Kd7 54.Bb5+ Ke7 55.Be2 Ke6
56.Bf1 Ke7 57.Bh3 Kf7 58.Kd5 Ke7 59.Bf1 Nf3 60.h3 Nd4 61.Bc4 Ne6 62.Ke4 Nd4
63.Ke3 Nf5+ 64.Kf2 Nd4 65.Bd3 Kf7 66.Be4 Kg7 67.Ke3 Kf7 68.Kd3 Kg7 69.Kc4 Ne6
70.f5 gxf5 71.Bxf5 Kf7 72.Kd5 Nd4 73.Be4 Ke7 74.h4 Ne6 75.Kc4 Nf4 76.Kxc5 Ke6  1/2-1/2